Library Banner

Passions : How to manage despair, fear, rage, and guilt and (Record no. 9957)

MARC details
000 -LEADER
fixed length control field 00415nam a2200169Ia 4500
001 - CONTROL NUMBER
control field 8677
008 - FIXED-LENGTH DATA ELEMENTS--GENERAL INFORMATION
fixed length control field 140325s9999 xx 000 0 und d
020 ## - INTERNATIONAL STANDARD BOOK NUMBER
International Standard Book Number 0-394-57914-3
040 ## - CATALOGING SOURCE
Transcribing agency PK-LaUMT
082 ## - DEWEY DECIMAL CLASSIFICATION NUMBER
Classification number 152.4
Item number WIT-P
100 ## - MAIN ENTRY--PERSONAL NAME
Personal name Witkin, Georgia
245 ## - TITLE STATEMENT
Title Passions : How to manage despair, fear, rage, and guilt and
Statement of responsibility, etc Witkin, Georgia
260 ## - PUBLICATION, DISTRIBUTION, ETC. (IMPRINT)
Date of publication, distribution, etc 1992
300 ## - PHYSICAL DESCRIPTION
Extent 191 p.
546 ## - LANGUAGE NOTE
Language note EN
942 ## - ADDED ENTRY ELEMENTS (KOHA)
Koha item type Books
Holdings
Withdrawn status Lost status Damaged status Not for loan Home library Current library Date acquired Total Checkouts Full call number Barcode Date last seen Date checked out Price effective from Koha item type
        UMT Main Campus UMT Main Campus 2014-03-25 1 152.4 WIT-P 9958 2022-04-11 2022-03-21 2014-03-25 Books